000
00306nam a22001337a 4500
008
180928b xxu||||| |||| 00| 0 eng d
020
_a
9781437734409
041
_a
eng
080
_2
6 ED
_a
810
100
_a
3
101
_a
SHM
245
_a
Medical Terminilogy Ashort Course
_c
Davi.E
942
_2
udc
_c
BK
999
_c
48661
_d
48661